MARC дэлгэрэнгүй
| 000 -Удирдлага |
| Ном зүйн бүртгэл тоо буюу кодлох утгыг агуулсан |
02107 a2200217 4500 |
| 003 - ХЯНАЛТЫН ТОО ТОДОРХОЙЛОГЧ |
| Код |
MN-UlNLM |
| 005 - ХАМГИЙН СҮҮЛИЙН ҮЕИЙН ХЭЛЦЛИЙН ОГНОО БА ЦАГ |
| Тухайн бичилтийг бичсэн засварласан сүүлийн огноо. |
20220630125557.0 |
| 008 - ЕРӨНХИЙ МЭДЭЭЛЭЛ-ЭЛЕМЕНТҮҮДИЙН ӨГӨГДЛИЙН УРТ |
| fixed length control field |
a130t1989 mp ||||| |||| 00| 0 mon d |
| 040 ## - ЭХ СУРВАЛЖИЙГ ТОДОРХОЙЛОН БИЧИХ |
| Анхны каталогийн байгууллага |
Монгол Улсын Үндэсний номын сан |
| 084 ## - БУСАД АНГИЛЛЫН ДУГААР |
| Анги |
83.35Мо |
| Ангиллын нэр |
Номын сан номзүйн ангилал |
| Зохиогчийн 3-н тэмдэгт |
С 81 |
| Шинжлэх ухааны мэдлэгийн салбар |
Ардын аман зохиол, утга зохиол - 82 |
| 245 0# - ҮНДСЭН ГАРЧИГ |
| Гарчиг |
Шүлэгч С.Лувсандондовын бүтээл |
| Оролцогчдын тухай мэдээ |
Эмхт. М.Гүрсэд ба бус |
| -- |
Ред. Ж.Цолоо |
| 250 ## - ХЭВЛЭЛТИЙН ТУХАЙ МЭДЭЭ |
| Дахин хэвлэлтийн мэдээ |
1 |
| 260 1# - ГАРАЛТЫН ТУХАЙ МЭДЭЭ |
| Хэвлэгдсэн газар |
УБ |
| Хэвлэлийн газар |
УХГ |
| Хэвлэгдсэн он |
1989 |
| 300 ## - ТООНЫ МЭДЭЭ |
| Хуудасны тоо |
122x |
| 546 ## - ХЭЛНИЙ ТУХАЙ МЭДЭЭ |
| Хэл |
|
| 653 ## - ТҮЛХҮҮР ҮГС |
| Түлхүүр үг |
Ардын аман зохиол, утга зохиол |
| -- |
Утга зохиол судлал |
| 740 ## - НОМЫН АГУУЛГЫН ГАРЧИГ |
| Номын гарчгууд |
Лу жанжны товч намтар |
| -- |
С.Лувсандондовын гарал, угсаа, элжгэн халхын тухай |
| -- |
С.Лувсандондовын зохиолууд |
| -- |
Найраглал: Хан Хөхий магтаал |
| -- |
Шүлэг: Ан ав |
| -- |
Ахуй орчлонгийн аяс |
| -- |
Буга намнахуй |
| -- |
Бүсгүй увдис |
| -- |
Мөнх нь үгүй хорвоо |
| -- |
Өндөр Богдын ард |
| -- |
Сэнхрүүлэхийн учир |
| -- |
Таван эрдэнэ |
| -- |
Үсэг бичиг |
| -- |
Хөхийн орой дээр суухуй |
| -- |
Дуу: Буяны учрал |
| -- |
Зээ баян хөхий |
| -- |
Өндөр Хөхийн буга |
| -- |
Хан сайхан |
| -- |
Хөхий уулын шил |
| -- |
Хурдан морины цол, гэрийн ерөөл |
| -- |
Их насны түрүү морины цол |
| -- |
Соёолон морины тэргүүн цол |
| -- |
Хязаалан ба шүдлэн морьдын тэргүүн цол |
| -- |
Их насны дугшаа морины цол |
| -- |
Соёолон дугшаа морины цол |
| -- |
Гэрийн ерөөл |
| -- |
Лу жанжин гүний тухай домог, хууч яриа |
| -- |
Номын сан |
| -- |
Дөрвөлжин бурам |
| -- |
Улиастайн цэргийн бослого |
| -- |
Харцага Чин ван шалбаагт ойчсон нь |
| -- |
Хилс хэрэгтнийг аварсан нь |
| -- |
Манж эзний зарлигийг мухардуулсан нь |
| 856 ## - ЭЛЕКТРОН БАЙРЛАЛ БА ХОЛБООС |
| Төрөл |
Хэвлэмэл ном |
| 942 ## - ЭЛЕМЕНТИЙН ТӨРӨЛ |
| Төрөл |
Ном |